Normal view
MARC view
Entry Uniform Title
001 - CONTROL NUMBER
- control field: 32425
003 - CONTROL NUMBER IDENTIFIER
- control field: dpl
005 - DATE AND TIME OF LATEST TRANSACTION
- control field: 20110810164155.0
008 - FIXED-LENGTH DATA ELEMENTS
- fixed length control field: 110810|||a|||||| | ||| d
040 ## - CATALOGING SOURCE
- Original cataloging agency: dpl
- Transcribing agency: dpl
130 ## - HEADING--UNIFORM TITLE
- Uniform title:
670 ## - SOURCE DATA FOUND
- Source citation: Work cat.: (dpl)21895: पद्मनाभन,सुजाता 32424, चुस्कित स्कूल चली /, 2007
670 ## - SOURCE DATA FOUND
- Source citation: Work cat.: (dpl)21895: पद्मनाभन,सुजाता 32424, चुस्कित स्कूल चली /, 2007
